[Event "Kimry-ch"]
[Site "Kimry"]
[Date "2003.??.??"]
[Round "3"]
[White "Gusakov, Pavel"]
[Black "Timofeev, Danila"]
[Result "1-0"]
[WhiteElo "2175"]
[BlackElo "2185"]
[PlyCount "83"]
[EventDate "2003.??.??"]
[EventType "swiss"]
[EventRounds "9"]
[EventCountry "RUS"]
[SourceTitle "EXT 2007"]
[Source "ChessBase"]
[SourceDate "2006.11.23"]
[SourceVersion "1"]
[SourceVersionDate "2006.11.23"]
[SourceQuality "1"]

1. e4 c5 2. Nf3 g6 3. c3 Bg7 4. d4 cxd4 5. cxd4 Nc6 6. d5 Ne5 7. Nd4 d6 8. Be2 Nf6 9. Nc3 0-0 10. 0-0 a6 11. a4 Ned7 12. Be3 Nc5 13. f3 a5 14. Ndb5 Nfd7 15. g4 f5 16. gxf5 gxf5 17. Kh1 f4 18. Bd4 Ne5 19. Rg1 Kh8 20. Qc2 Qd7 21. Nd1 b6 22. Nf2 Ba6 23. b3 Rac8 24. Qb2 Rg8 25. Ng4 Ng6 26. Nh6 Bxd4 27. Nxd4 Rgf8 28. Ne6+ Rf6 29. Nf7+ Kg8 30. Nh6+ Kh8 31. Nxc5 Qh3 32. Nf7+ Kg8 33. Ng5 Bxe2 34. Qxe2 Qh5 35. Nd7 Rc3 36. Nxf6+ exf6 37. Ne6 Qxf3+ 38. Qxf3 Rxf3 39. Raf1 Rxb3 40. Nxf4 Kf7 41. Nxg6 hxg6 42. Rb1 1-0

[Event "Kimry"]
[Site "Kimry"]
[Date "2003.??.??"]
[Round "2"]
[White "Krasnikov, Alexandr"]
[Black "Timofeev, Danila"]
[Result "0-1"]
[WhiteElo "1974"]
[BlackElo "2188"]
[PlyCount "120"]
[EventDate "2003.??.??"]
[EventType "tourn"]
[EventRounds "11"]
[EventCountry "RUS"]
[SourceTitle "EXT 2006"]
[Source "ChessBase"]
[SourceDate "2005.11.24"]
[SourceVersion "1"]
[SourceVersionDate "2005.11.24"]
[SourceQuality "1"]

1. e4 c5 2. Nf3 Nc6 3. d4 cxd4 4. Nxd4 Nf6 5. Nc3 g6 6. Be3 Bg7 7. Nxc6 bxc6 8. Bd3 0-0 9. 0-0 d5 10. Bd4 Bb7 11. e5 Nd7 12. f4 c5 13. Bf2 d4 14. Ne2 Nb6 15. Ng3 Nd5 16. Be4 Qb6 17. Bxd5 Bxd5 18. b3 Qb7 19. Re1 Bxg2 20. Qd2 Bh3 21. Bxd4 cxd4 22. Re2 Qb6 23. Re4 d3+ 24. Kh1 dxc2 25. Qxc2 Rac8 26. Qe2 Qc6 27. Qc4 Qxc4 28. bxc4 Be6 29. Rc1 Bd5 30. Kg2 Bxe4+ 31. Nxe4 Rfd8 32. c5 Rc6 33. Kf3 Bf8 34. h3 Kg7 35. Ke2 Rd5 36. Ke3 e6 37. Nf6 Rdxc5 38. Rd1 Rc3+ 39. Ke4 R6c4+ 40. Rd4 Rxd4+ 41. Kxd4 Rxh3 42. Ne8+ Kh6 43. Nf6 Bg7 44. Ng4+ Kh5 45. Ne3 Rxe3 46. Kxe3 Kg4 47. a3 Bh6 48. a4 Bxf4+ 49. Kf2 Bxe5 50. a5 a6 51. Kg2 f5 52. Kf2 f4 53. Kg2 f3+ 54. Kh1 Kg3 55. Kg1 f2+ 56. Kf1 Bf6 57. Ke2 Kg2 58. Ke3 f1Q 59. Ke4 Qe2+ 60. Kf4 e5# 0-1

[Event "Kimry"]
[Site "Kimry"]
[Date "2003.??.??"]
[Round "11"]
[White "Prizant, Julia"]
[Black "Timofeev, Danila"]
[Result "1/2-1/2"]
[WhiteElo "2035"]
[BlackElo "2188"]
[PlyCount "89"]
[EventDate "2003.??.??"]
[EventType "tourn"]
[EventRounds "11"]
[EventCountry "RUS"]
[SourceTitle "EXT 2006"]
[Source "ChessBase"]
[SourceDate "2005.11.24"]
[SourceVersion "1"]
[SourceVersionDate "2005.11.24"]
[SourceQuality "1"]

1. e4 c5 2. Nf3 g6 3. d4 Bg7 4. Be2 cxd4 5. Nxd4 Nc6 6. Nb3 Nf6 7. Nc3 0-0 8. 0-0 d6 9. Be3 b6 10. f4 Bb7 11. Bf3 Rc8 12. Nd4 Na5 13. e5 Bxf3 14. Qxf3 dxe5 15. fxe5 Nd7 16. e6 fxe6 17. Qh3 Nc5 18. Nxe6 Nxe6 19. Qxe6+ Kh8 20. Rad1 Qc7 21. Rd7 Qc4 22. Qxc4 Nxc4 23. Rxf8+ Rxf8 24. Bc1 a5 25. b3 Ne5 26. Rb7 Nc6 27. Ne2 e6 28. h3 Nd4 29. Nxd4 Bxd4+ 30. Kh2 Rf1 31. Bh6 Be5+ 32. g3 Rf2+ 33. Kg1 Rxc2 34. Re7 Kg8 35. Rxe6 Bd4+ 36. Kf1 Kf7 37. Re2 Rc3 38. Kg2 Kf6 39. Bf4 g5 40. Bb8 b5 41. g4 a4 42. bxa4 bxa4 43. Bg3 Re3 44. Rxe3 Bxe3 45. Kf3 1/2-1/2